Pokémon that are Blue - Statistics

General Stats
  • This quiz has been taken 6 times
  • The average score is 100 of 187
Answer Stats
Number Pokémon Type % Correct
#144 Articuno Ice/Flying
100%
#009 Blastoise Water
100%
#159 Croconaw Water
100%
#148 Dragonair Dragon
100%
#147 Dratini Dragon
100%
#160 Feraligatr Water
100%
#044 Gloom Grass/Poison
100%
#130 Gyarados Water/Flying
100%
#131 Lapras Water/Ice
100%
#259 Marshtomp Water/Ground
100%
#043 Oddish Grass/Poison
100%
#060 Poliwag Water
100%
#061 Poliwhirl Water
100%
#062 Poliwrath Water/Fighting
100%
#912 Quaxly Water
100%
#007 Squirtle Water
100%
#158 Totodile Water
100%
#008 Wartortle Water
100%
#038 Alolan Ninetales Ice/Fairy
75%
#713 Avalugg Ice
75%
#184 Azumarill Water/Fairy
75%
#298 Azurill Normal/Fairy
75%
#712 Bergmite Ice
75%
#729 Brionne Water
75%
#845 Cramorant Flying/Water
75%
#875 Eiscue Ice
75%
#395 Empoleon Water/Steel
75%
#471 Glaceon Ice
75%
#055 Golduck Water
75%
#116 Horsea Water
75%
#818 Inteleon Water
75%
#230 Kingdra Water/Dragon
75%
#382 Kyogre Water
75%
#381 Latios Dragon/Psychic
75%
#448 Lucario Fighting/Steel
75%
#183 Marill Water/Fairy
75%
#258 Mudkip Water
75%
#031 Nidoqueen Poison/Ground
75%
#029 Nidoran♀ Poison
75%
#030 Nidorina Poison
75%
#138 Omanyte Rock/Water
75%
#139 Omastar Rock/Water
75%
#393 Piplup Water
75%
#728 Popplio Water
75%
#730 Primarina Water/Fairy
75%
#394 Prinplup Water
75%
#914 Quaquaval Water/Fighting
75%
#913 Quaxwell Water
75%
#447 Riolu Fighting
75%
#373 Salamence Dragon/Flying
75%
#117 Seadra Water
75%
#364 Sealeo Ice/Water
75%
#816 Sobble Water
75%
#363 Spheal Ice/Water
75%
#260 Swampert Water/Ground
75%
#277 Swellow Normal/Flying
75%
#276 Taillow Normal/Flying
75%
#114 Tangela Grass
75%
#465 Tangrowth Grass
75%
#072 Tentacool Water/Poison
75%
#073 Tentacruel Water/Poison
75%
#134 Vaporeon Water
75%
#738 Vikavolt Bug/Electric
75%
#320 Wailmer Water
75%
#321 Wailord Water
75%
#365 Walrein Ice/Water
75%
#340 Whiscash Water/Ground
75%
#746 Wishiwashi Water
75%
#202 Wobbuffet Psychic
75%
#052 Alolan Meowth Dark
50%
#053 Alolan Persian Dark
50%
#028 Alolan Sandslash Ice/Steel
50%
#334 Altaria Dragon/Flying
50%
#883 Arctovish Water/Ice
50%
#881 Arctozolt Electric/Ice
50%
#371 Bagon Dragon
50%
#374 Beldum Steel/Psychic
50%
#824 Blipbug Bug
50%
#351 Castform (Rainy Form) Water
50%
#170 Chinchou Water/Electric
50%
#790 Cosmoem Psychic
50%
#789 Cosmog Psychic
50%
#453 Croagunk Poison/Fighting
50%
#800 Dawn Wings Necrozma Psychic/Ghost
50%
#502 Dewott Water
50%
#483 Dialga (Origin Forme) Steel/Dragon
50%
#817 Drizzile Water
50%
#580 Ducklett Water/Flying
50%
#603 Eelektrik Electric
50%
#604 Eelektross Electric
50%
#963 Finizen Water
50%
#456 Finneon Water
50%
#444 Gabite Dragon/Ground
50%
#445 Garchomp Dragon/Ground
50%
#423 Gastrodon (East Sea) Water/Ground
50%
#443 Gible Dragon/Ground
50%
#853 Grapploct Fighting
50%
#686 Inkay Dark/Psychic
50%
#1023 Iron Crown Steel/Psychic
50%
#189 Jumpluff Grass/Flying
50%
#171 Lanturn Water/Electric
50%
#457 Lumineon Water
50%
#404 Luxio Electic
50%
#405 Luxray Electric
50%
#687 Malamar Dark/Psychic
50%
#458 Mantyke Water/Flying
50%
#747 Mareanie Water/Poison
50%
#284 Masquerain Bug/Flying
50%
#376 Metagross Steel/Psychic
50%
#375 Metang Steel/Psychic
50%
#774 Minior (Blue and Indigo) Rock/Flying
50%
#501 Oshawott Water
50%
#964 Palafin Water
50%
#231 Phanpy Ground
50%
#195 Quagsire Water/Ground
50%
#378 Regice Ice
50%
#503 Samurott Water
50%
#319 Sharpedo Water/Dark
50%
#422 Shellos (East Sea) Water
50%
#403 Shinx Electric
50%
#245 Suicune Water
50%
#283 Surskit Bug/Water
50%
#333 Swablu Normal/Flying
50%
#748 Toxapex Water/Poison
50%
#454 Toxicroak Poison/Fighting
50%
#1009 Walking Wake Water/Dragon
50%
#194 Wooper Water/Ground
50%
#888 Zacian Fairy
50%
#869 Alcremie (Mint Cream) Fairy
25%
#698 Amaura Rock/Ice
25%
#997 Arctibax Dragon/Ice
25%
#699 Aurorus Rock/Ice
25%
#481 Azelf Psychic
25%
#998 Baxcalibur Dragon/Ice
25%
#525 Boldore Rock
25%
#565 Carracosta Water/Rock
25%
#358 Chimecho Psychic
25%
#366 Clamperl Water
25%
#692 Clauncher Water
25%
#693 Clawitzer Water
25%
#822 Corvisquire Flying
25%
#408 Cranidos Rock
25%
#615 Cryogonal Ice
25%
#555 Darmanitan (Zen Mode) Fire/Psychic
25%
#633 Deino Dark/Dragon
25%
#977 Dondozo Water
25%
#295 Exploud Normal
25%
#656 Froakie Water
25%
#657 Frogadier Water
25%
#526 Gigalith Rock
25%
#969 Glimmet Rock/Poison
25%
#970 Glimmora Rock/Poison
25%
#658 Greninja Water/Dark
25%
#214 Heracross Bug/Fighting
25%
#367 Huntail Water
25%
#635 Hydreigon Dark/Dragon
25%
#993 Iron Jugulis Dark/Flying
25%
#294 Loudred Normal
25%
#490 Manaphy Water
25%
#307 Meditite Fighting/Psychic
25%
#678 Meowstic Psychic
25%
#1017 Ogerpon (Wellspring Mask) Grass/Water
25%
#536 Palpitoad Water/Ground
25%
#515 Panpour Water
25%
#489 Phione Water
25%
#409 Rampardos Rock
25%
#1005 Roaring Moon Dragon/Dark
25%
#524 Roggenrola Rock
25%
#821 Rookidee Flying
25%
#539 Sawk Fighting
25%
#537 Seismitoad Water/Ground
25%
#516 Simipour Water
25%
#903 Sneasler Fighting/Poison
25%
#931 Squawkabilly (Blue Plumage) Normal/Flying
25%
#528 Swoobat Psychic/Flying
25%
#1024 Terapagos Normal
25%
#642 Thundurus Electric/Flying
25%
#564 Tirtouga Water/Rock
25%
#535 Tympole Water
25%
#666 Vivillon (Polar, Tundra, and Marine Patterns) Bug/Flying
25%
#527 Woobat Psychic/Flying
25%
#360 Wynaut Psychic
25%
#716 Xerneas Fairy
25%
#634 Zweilous Dark/Dragon
25%
#605 Elgyem Psychic
0%
#588 Karrablast Bug
0%
#775 Komala Normal
0%
No matching quizzes found
Score Distribution
Percent of People with Each Score
Percentile by Number Answered
Your Score History
You have not taken this quiz